000 00548nam a2200193Ia 4500
008 240510s9999 xx 000 0 und d
020 _a0003790813281
041 _aEng
082 _a006.331
082 _bR58
100 _aPolkowski, L (et-al)(Eds.)
245 0 _aRough set methods and applications:new developments in knowledge discovery in information systems :Lecture notes in computer science
260 _bSpringer: Tokyo
260 _c2000
300 _a681 p.
650 _aknowledge discovery :
942 _2ddc
942 _cLBK
999 _c27748
_d27748
945 _a1
_bMadushi Gamage
_c1
_dMadushi Gamage